Dau neue Beld.

Uložené v:
Podrobná bibliografia
Hlavný autor: Stern, R.
Médium: Kniha
Jazyk:Slovak
Vydané: 1892.
Fyzický popis: 23 s. + 3.
Tagy: Pridať tag
Žiadne tagy, Buďte prvý kto otaguje tento záznam!

MARC

LEADER 00000nam a22000004a 4500
001 000546921
005 20170619144601.0
008 170619s1892 xo e 000 0 slo d
040 |a SVKKK  |b slo  |c SVKKK  |e AACR2 
100 1 |a Stern, R. 
245 1 0 |a Dau neue Beld. 
260 |c 1892. 
300 |a 23 s. + 3. 
500 |a Záznam revízie 
910 |a svkkk 
998 |a BK 
090 |g SCKHL  |k Sklad Pribinova 2. posch.  |a III.326  |j 9149  |i 2720354449  |s Prezenčne